Catalogue des exportateurs Hongrois redige par l'Office Royal Hongrois de commerce exterieur

Enregistré dans:
Détails bibliographiques
Format: Livre
Langue:français
Publié: Budapest Publie par L'imprimerie de L'Universite Royale Hongroise [1911]
Tags: Ajouter un tag
Pas de tags, Soyez le premier à ajouter un tag!

MARC

LEADER 00000nam a2200000 4500
001 0313321
005 20251124102520.4
041 0 |a fre 
044 |a HU 
245 1 0 |a Catalogue des exportateurs Hongrois  |b redige par l'Office Royal Hongrois de commerce exterieur 
264 1 |a Budapest  |b Publie par L'imprimerie de L'Universite Royale Hongroise  |c [1911]